El gran nubarrón / (Registro nro. 4073)

Detalles MARC
000 -LEADER
fixed length control field 00939nam a2200241Ia 4500
003 - CONTROL NUMBER IDENTIFIER
control field OSt
005 - DATE AND TIME OF LATEST TRANSACTION
control field 20200413140058.0
008 - FIXED-LENGTH DATA ELEMENTS--GENERAL INFORMATION
fixed length control field 191128s1998 sp a br 000 j spa d
020 ## - INTERNATIONAL STANDARD BOOK NUMBER
International Standard Book Number 8424627261
040 ## - CATALOGING SOURCE
Original cataloging agency CO-JMCR
Transcribing agency CO-JMCR
041 0# - LANGUAGE CODE
Language code of text/sound track or separate title spa
082 04 - DEWEY DECIMAL CLASSIFICATION NUMBER
Classification number C /
Item number CUAg
100 1# - MAIN ENTRY--PERSONAL NAME
Personal name Cuadrench, Antoni,
Relator term autor
9 (RLIN) 2966
245 13 - TITLE STATEMENT
Title El gran nubarrón /
Statement of responsibility, etc. Antoni Ciadrench ; traducción Z. Ackermann Gefaell ; ilustraciones Fina Rifá
250 ## - EDITION STATEMENT
Edition statement Sexta edición
260 ## - PUBLICATION, DISTRIBUTION, ETC.
Place of publication, distribution, etc. Barcelona ;
Name of publisher, distributor, etc. La Galera,
Date of publication, distribution, etc. 1998
300 ## - PHYSICAL DESCRIPTION
Extent [24] páginas sin numerar :
Other physical details ilustraciones a color ;
Dimensions 19 cm.
490 0# - SERIES STATEMENT
Series statement La sirena ; 26
520 ## - SUMMARY, ETC.
Summary, etc. Ni en el pueblo, ni en el campo, ni en la montaña quiere nadie el agua del gran nubarrón. Por eso se va a llover sobre el mar. En una islita, una flor se lo agradecerá.
521 ## - TARGET AUDIENCE NOTE
Target audience note Recomendado a partir de los 4 años.
650 ## - SUBJECT ADDED ENTRY--TOPICAL TERM
Topical term or geographic name entry element Literatura infantil
General subdivision cuento
Chronological subdivision siglo XX
9 (RLIN) 2967
942 ## - ADDED ENTRY ELEMENTS (KOHA)
Source of classification or shelving scheme Dewey Decimal Classification
Koha item type Books
Existencias
Withdrawn status Lost status Source of classification or shelving scheme Damaged status Not for loan Collection code Home library Current library Date acquired Source of acquisition Cost, normal purchase price Total Checkouts Full call number Barcode Date last seen Date last checked out Copy number Koha item type
    Dewey Decimal Classification     Fiction Biblioteca Pública José María del Castillo y Rada Biblioteca Pública José María del Castillo y Rada 11/28/2019 Donación 0.00 5 C / CUAg 201808871 04/17/2024 04/17/2024 Ej.1 Books